000 00262nam a22001217a 4500
999 _c2631
_d2631
082 _a657.42
_b4
100 _aMatz, Adalph Phd
245 _aCost Accounting Planning and Control
250 _a7th
260 _aIndia
_bCRC
_c2003
300 _a850
942 _cBK